[Event "SRI-ch Dini"]
[Site "Colombo"]
[Date "2024.07.30"]
[Round "3"]
[White "Hari, Madhavan NB"]
[Black "Manuwaruna, Sethun Neththaru"]
[Result "1-0"]
[WhiteElo "2386"]
[BlackElo "1871"]
[PlyCount "43"]
[EventDate "2024.07.29"]
[EventType "swiss"]
[EventRounds "10"]
[EventCountry "SRI"]
[SourceTitle "CBM 221 Extra"]
[Source "ChessBase"]
[SourceDate "2024.09.30"]
[SourceVersion "1"]
[SourceVersionDate "2024.09.30"]
[SourceQuality "1"]

1. d4 f5 2. c4 e6 3. g3 Nf6 4. Bg2 Be7 5. Nc3 0-0 6. Nf3 Ne4 7. Qc2 Nxc3 8. bxc3 d6 9. 0-0 Nc6 10. d5 Na5 11. Nd4 e5 12. Ne6 Bxe6 13. dxe6 c6 14. Bh3 Nxc4 15. Bxf5 h6 16. Bd3 d5 17. Bxc4 dxc4 18. Rd1 Qb6 19. Be3 Bc5 20. Rab1 Qa5 21. Rxb7 Bxe3 22. Qg6 1-0

[Event "SRI-ch Dini"]
[Site "Colombo"]
[Date "2024.07.29"]
[Round "1"]
[White "Manuwaruna, Sethun Neththaru"]
[Black "Liyanage, Pesandu Rashmitha"]
[Result "1/2-1/2"]
[WhiteElo "1871"]
[BlackElo "2012"]
[PlyCount "78"]
[EventDate "2024.07.29"]
[EventType "swiss"]
[EventRounds "10"]
[EventCountry "SRI"]
[SourceTitle "CBM 221 Extra"]
[Source "ChessBase"]
[SourceDate "2024.09.30"]
[SourceVersion "1"]
[SourceVersionDate "2024.09.30"]
[SourceQuality "1"]

1. d4 g6 2. Nc3 Bg7 3. e4 d6 4. Bf4 a6 5. Qd2 b5 6. h3 Bb7 7. a3 Nd7 8. Nf3 Rc8 9. d5 c6 10. dxc6 Bxc6 11. Bd3 Qa5 12. Nd1 Qc7 13. 0-0 Ngf6 14. Re1 0-0 15. Bh6 Qb7 16. Nc3 Nc5 17. Bxg7 Kxg7 18. Qe3 Ne6 19. Nd2 a5 20. b4 Bd7 21. Ne2 Ra8 22. f4 Rfc8 23. g4 Qa7 24. Qxa7 Rxa7 25. f5 Nd8 26. Nd4 gxf5 27. gxf5 axb4 28. axb4 Rxa1 29. Rxa1 Nc6 30. Nxc6 Bxc6 31. Ra7 Nd7 32. Nf3 Kf6 33. Nd4 Ne5 34. Kf2 h5 35. Nf3 e6 36. Nxe5 dxe5 37. fxe6 fxe6 38. Rh7 Kg6 39. Re7 Kf6 1/2-1/2